Nitrospira-like bacteria associated with nitrite oxidation in freshwater aquaria /
Kaydedildi:
| Diğer Yazarlar: | , , , |
|---|---|
| Materyal Türü: | Makale |
| Dil: | English |
| Konular: | |
| Etiketler: |
Etiketle
Etiket eklenmemiş, İlk siz ekleyin!
|
| Thư viện lưu trữ: | Thư viện Trường Đại học Đà Lạt |
|---|
| LEADER | 01027nam a2200349 4500 | ||
|---|---|---|---|
| 001 | DLU090091213 | ||
| 005 | ##20091201 | ||
| 040 | # | # | |a DLU |b eng |
| 041 | # | # | |a eng |
| 044 | # | # | |a us |
| 245 | # | # | |a Nitrospira-like bacteria associated with nitrite oxidation in freshwater aquaria / |c Timothy A. Hovanec ... [et al.]. |
| 653 | # | # | |a Aquarium |
| 653 | # | # | |a Bacteria |
| 653 | # | # | |a Freshwater environment |
| 653 | # | # | |a Microbial activity |
| 653 | # | # | |a Nitrification |
| 653 | # | # | |a Nitrites |
| 653 | # | # | |a Oxidation |
| 700 | # | # | |a Blakis, Rew. |
| 700 | # | # | |a Delong, Edward F. |
| 700 | # | # | |a Hovanec, Timothy A. |
| 700 | # | # | |a Taylor, Lance T. |
| 773 | # | # | |t Applied and Environmental Microbiology |g Vol. 64, no. 1 (January 1998), p. 258-264 |
| 920 | # | # | |a Phòng Tạp chí -- Trung tâm Thông tin - Thư viện Trường Đại học Đà Lạt |
| 994 | # | # | |a DLU |
| 900 | # | # | |a True |
| 911 | # | # | |a Trương Bảo Trâm Anh |
| 925 | # | # | |a G |
| 926 | # | # | |a A |
| 927 | # | # | |a BB |
| 980 | # | # | |a Thư viện Trường Đại học Đà Lạt |